000 00367nam a2200157Ia 4500
008 220531s9999 xx 000 0 und d
041 _aeng
082 _bSHA
100 _aShaw, B.
_934085
245 _aSaint Joan
260 _c1992
542 _d01-01-2010
650 _aEnglish
_934086
906 _d2009-2010
_d2014-2015
_eWrite Off
_f4676
999 _c21049
_d21049